000 00675nam a2200181Ia 4500
003 GCL
008 140319s9999 xx 000 0 ara d
040 _aGCL /
_cGCL
082 0 4 _a953.204
_bس و
100 1 _aسمير محمد احمد العبدلى
245 1 0 _aالوحدة اليمنية والنظام الاقليمى العربى /
_cسمير محمد احمد العبدلى
300 _a420 ص
490 _aالهيئة العامة للاستعلامات
_v0
650 0 4 _aاليمن الجنوبى - تاريخ
650 0 4 _aاليمن - تاريخ - العصر الحديث
650 0 4 _aاليمن - العلاقات الخارجية
942 _2ddc
_cBK
999 _c51807
_d51807